00427 2200157 4500001002100000008004100021035002000062245005200082100001300134260003800147300002000185082001200205650002600217990001300243990001300256INLIS000000000000336 ind  a0010-0322000336 aSEJARAH HUKUM DAN KONSTITUSI DI INDONESIAcIKHA aFIDELARA aJAKARTAbARMANDELTA SELARASc2010 a58 hlm.c25 cm. a297.406 aSOSIOLOGI HUKUM ISLAM a102516-1 a102516-2